Statistics for Enemies of South American Countries

Click here to take the quiz!

General Stats

  • This quiz has been taken 62 times
  • The average score is 10 of 12

Answer Stats

CountryEnemy% Correct
VenezuelaBrazil
94%
PeruChile
88%
BoliviaChile
88%
ArgentinaUnited Kingdom
88%
ColombiaVenezuela
86%
GuyanaVenezuela
86%
BrazilVenezuela
84%
EcuadorVenezuela
84%
ParaguayVenezuela
84%
SurinameVenezuela
84%
UruguayVenezuela
84%
ChileBolivia
82%

Score Distribution

Percentile by Number Answered

Percent of People with Each Score

Your Score History

You have not taken this quiz